| 000 | 01065nam a2200217Ii 4500 | ||
|---|---|---|---|
| 003 | JO-AjNU | ||
| 008 | 230605s9999||||xx |||||||||||||| ||und|| | ||
| 017 | _a2010/15185 | ||
| 040 |
_aJO-AjNU _bara _erda _cJO-AjNU |
||
| 041 | _aara | ||
| 050 | 1 | 4 | _aHF53867.2011 |
| 100 | 3 |
_aالمنظمة العربية للتنمية الادارية, _eauthor _934459 |
|
| 245 | 0 | 0 | _aالادارة والسلوك الاخلاقي في العمل |
| 264 | 3 | 1 | _aالقاهرة:المنظمة العربية للتنمية الادارية؛2011 |
| 300 |
_a199ص _bملتقى (اخلاقيات الادارة والاعمال من اجل مستقبل افضل)ورشة عمل(غسيل الاموال شرم الشيخ-جمهورية مصر العربية ،ديسمبر 2006 |
||
| 336 |
_atext _btxt _2rdacontent |
||
| 337 |
_aunmediated _bn _2rdamedia |
||
| 338 |
_avolume _bnc _2rdacarrier |
||
| 490 | 0 | _a إصدرات المنظمة العربية للتنمية الإدارية. أعمال المؤتمرات | |
| 650 | 4 |
_aادارة الاعمال-الاخلاق _934460 |
|
| 999 |
_aA14132 _c17700 _d17700 |
||